Ey insanoğlu (Record no. 5932)

000 -LEADER
fixed length control field 00894nmm a2200277 a 4500
001 - CONTROL NUMBER
control field ocm000607280
003 - CONTROL NUMBER IDENTIFIER
control field TR-IsHL
005 - DATE AND TIME OF LATEST TRANSACTION
control field 20201028133953.0
008 - FIXED-LENGTH DATA ELEMENTS--GENERAL INFORMATION
fixed length control field 131121s2002 tu tur
007 - PHYSICAL DESCRIPTION FIXED FIELD--GENERAL INFORMATION
fixed length control field cr cn
020 ## - INTERNATIONAL STANDARD BOOK NUMBER
International Standard Book Number 9789756628409
035 ## - SYSTEM CONTROL NUMBER
System control number 607280
-- (N$T)
050 04 - LIBRARY OF CONGRESS CALL NUMBER
Classification number B740
Item number .N83 2002
090 04 - LOCALLY ASSIGNED LC-TYPE CALL NUMBER (OCLC); LOCAL CALL NUMBER (RLIN)
Classification number (OCLC) (R) ; Classification number, CALL (RLIN) (NR) B740
Local cutter number (OCLC) ; Book number/undivided call number, CALL (RLIN) .N83 2002
100 1# - MAIN ENTRY--PERSONAL NAME
Personal name Nuayme, Mihail
245 10 - TITLE STATEMENT
Title Ey insanoğlu
Medium [electronic resource] /
Statement of responsibility, etc. Mihail Nuayme ; çev. Eyyüp Tanrıverdi
260 ## - PUBLICATION, DISTRIBUTION, ETC.
Place of publication, distribution, etc. İstanbul :
Name of publisher, distributor, etc. Anka Yayınları,
Date of publication, distribution, etc. 2002
300 ## - PHYSICAL DESCRIPTION
Extent 128 p.
650 #4 - SUBJECT ADDED ENTRY--TOPICAL TERM
Topical term or geographic name entry element Felsefe, Psikoloji ve Din
650 #4 - SUBJECT ADDED ENTRY--TOPICAL TERM
Topical term or geographic name entry element Philosophy, Psychology and Religion
650 #0 - SUBJECT ADDED ENTRY--TOPICAL TERM
Topical term or geographic name entry element Arap edebiyatı
650 #0 - SUBJECT ADDED ENTRY--TOPICAL TERM
Topical term or geographic name entry element Arabic literature
650 #7 - SUBJECT ADDED ENTRY--TOPICAL TERM
Topical term or geographic name entry element LITERARY CRITICISM / Middle Eastern
Source of heading or term bisacsh
700 1# - ADDED ENTRY--PERSONAL NAME
Personal name Tanrıverdi, Eyyüp
856 40 - ELECTRONIC LOCATION AND ACCESS
Uniform Resource Identifier <a href="http://search.ebscohost.com/login.aspx?direct=true&scope=site&db=e011xww&AN=607280">http://search.ebscohost.com/login.aspx?direct=true&scope=site&db=e011xww&AN=607280</a>
Holdings
Withdrawn status Lost status Source of classification or shelving scheme Damaged status Not for loan Collection code Permanent Location Current Location Date acquired Total Checkouts Full call number Barcode Date last seen Price effective from Koha item type
        Online   Kıbrıs Amerikan Üniversitesi Kütüphanesi / American University of Cyprus Kıbrıs Amerikan Üniversitesi Kütüphanesi / American University of Cyprus 28.10.2020   B740 .N83 2002 607280 28.10.2020 28.10.2020 E-Kitap
Devinim Yazılım Eğitim Danışmanlık tarafından Koha'nın orjinal sürümü uyarlanarak geliştirilip kurulmuştur.